Vincitori Roland Garros - Singolare femminile - Statistics

Statistiche generali
  • Questo quiz è stato fatto 2 volte
  • Il punteggio medio è 27 su 57
Statistiche sulle risposte
Edizione Nazione Tennista vincitrice % Corretto
2002 Stati Uniti Serena Williams
100%
2013 Stati Uniti Serena Williams
100%
2015 Stati Uniti Serena Williams
100%
2008 Serbia Ana Ivanovic
50%
2004 Russia Anastasia Myskina
50%
1989 Spagna Arantxa Sánchez Vicario
50%
1994 Spagna Arantxa Sánchez Vicario
50%
1998 Spagna Arantxa Sánchez Vicario
50%
2019 Australia Ashleigh Barty
50%
2021 Repubblica Ceca Barbora Krejčíková
50%
1972 Stati Uniti Billie Jean King
50%
1974 Stati Uniti Chris Evert
50%
1975 Stati Uniti Chris Evert
50%
1979 Stati Uniti Chris Evert
50%
1980 Stati Uniti Chris Evert
50%
1983 Stati Uniti Chris Evert
50%
1985 Stati Uniti Chris Evert
50%
1986 Stati Uniti Chris Evert
50%
1971 Australia Evonne Goolagong
50%
2010 Italia Francesca Schiavone
50%
2016 Spagna Garbiñe Muguruza
50%
2020 Polonia Iga Świątek
50%
2022 Polonia Iga Świątek
50%
2023 Polonia Iga Świątek
50%
2024 Polonia Iga Świątek
50%
2017 Stati Uniti Jeļena Ostapenko
50%
2001 Stati Uniti Jennifer Capriati
50%
2003 Belgio Justine Henin
50%
2005 Belgio Justine Henin
50%
2006 Belgio Justine Henin
50%
2007 Belgio Justine Henin
50%
1969 Australia Margaret Court
50%
1970 Australia Margaret Court
50%
1973 Australia Margaret Court
50%
2012 Russia Maria Sharapova
50%
2014 Russia Maria Sharapova
50%
1982 Stati Uniti Martina Navratilova
50%
1984 Stati Uniti Martina Navratilova
50%
2000 Francia Mary Pierce
50%
1990 Yugoslavia Monica Seles
50%
1991 Yugoslavia Monica Seles
50%
1992 Yugoslavia Monica Seles
50%
2011 Cina Na Li
50%
2018 Romania Simona Halep
50%
1987 Germania Ovest Steffi Graf
50%
1988 Germania Ovest Steffi Graf
50%
1993 Germania Steffi Graf
50%
1995 Germania Steffi Graf
50%
1996 Germania Steffi Graf
50%
1999 Germania Steffi Graf
50%
1981 Cecoslovacchia Hana Mandlíková
0%
1997 Croazia Iva Majoli
0%
1977 Yugoslavia Mima Jaušovec
0%
1968 Stati Uniti Nancy Richey
0%
1976 Regno Unito Sue Barker
0%
2009 Russia Svetlana Kuznetsova
0%
1978 Romania Virginia Ruzici
0%
Nessun quiz corrispondente trovato
Distribuzione punteggi
Percentuale di utenti per punteggio
Percentile per numero di risposta
I tuoi punteggi nel tempo
Non hai fatto questo quiz